Datum a čas kvízu

35 Celkem bodů Celkový počet nahraných bodů na tomto kvízu bez doplňovacích otázek.
3. Pořadí na kvízu Konečné umístění týmu na tomto kvízu.

Zaznamenané odpovědi

# Otázka Odpověď Body Výsledky
1. Do aplikace eRecept přibyla od... ověření dostupnosti předepsaného léku 0
2. Kolumbijský parlament odhlasov... D) býčích zápasů 0
3. Ve kterém městě začal minulý t... ve Zlíně 1
4. Minulý týden oznámili organizá... v Ženevě 1
5. V pátek proběhlo slavnostní vy... Král bílé stopy, Ester Ledecká 1
6. Kterým výrazem na písmeno M se... mixologie 1
7. Ernest Hemingway měl údajně v... Daiquiri 0
8. Oblíbenou složkou míchaných ná... z pomerančů 1
9. Hlavní hrdina filmu Big Lebows... White Russian (Bílý Rus, Bílý medvěd) 1
10. V poslední otázce se podíváme... vaječný likér; griotku 1